Risala Fi Hikmat Wa Tabiyat. (Record no. 686)

MARC details
000 -LEADER
fixed length control field 00617nam a2200241 a 4500
020 ## - INTERNATIONAL STANDARD BOOK NUMBER
ISBN
082 00 - DEWEY DECIMAL CLASSIFICATION NUMBER
Classification number 500.80297
Author Cutter SIN
100 ## - MAIN ENTRY--AUTHOR NAME
Author name Sina Ibn, Aliul Hussain
245 ## - TITLE STATEMENT
Title Risala Fi Hikmat Wa Tabiyat.
260 ## - PUBLICATION, DISTRIBUTION, ETC. (IMPRINT)
Place of publication Bombay
Name of publisher Gulzar Hasni Press
Year of publication 1998
300 ## - PHYSICAL DESCRIPTION
Number of Pages 104p
500 ## - GENERAL NOTE
General note includes index and biblioraphy
505 2# - FORMATTED CONTENTS NOTE
Formatted contents note Bound one Volumes Part 1 & 2
650 ## - SUBJECT ADDED ENTRY--TOPICAL TERM
Topical Term Islam and Science
942 ## - ADDED ENTRY ELEMENTS (KOHA)
Koha item type Books
700 1# -
-- Sina Ibn, Aliul Hussain
Holdings
Collection code Home library Current library Date acquired Cost, normal purchase price Full call number Accession Number Koha item type
  Henry Martyn Institute Library Henry Martyn Institute Library 06/11/2007 100.00 500.80297 SIN 04697 Books
                   Copyright © 2026 | Henry Martyn Institute | Hyderabad | TS-500052 | INDIA | Implemented by hmi.edu.in
Hit-Count:

Powered by Koha